Sports Quiz

Random Sports or NBA Quiz

NBA Legend's Jersey Numbers Quiz Stats

Quiz not verified by Sporcle

Also try: Big 4 No More
Challenge
Share
Tweet
Score 0/50 Timer 15:00
0 Plays Today
% Correct
2
98.1%
31
62.1%
34
61.2%
32
50.5%
12,8
47.6%
11
47.6%
3
46.6%
35
46.6%
3
46.6%
41
44.7%
8,24
44.7%
33
43.7%
30
43.7%
33
43.7%
32
43.7%
9
41.7%
3,1
40.8%
12
40.8%
33
40.8%
13
40.8%
23,6
40.8%
21
39.8%
50
36.9%
34
36.9%
34,20
35.9%
% Correct
22
35%
6
34%
17
33%
13,10
31.1%
44
31.1%
99
30.1%
23,12,45
30.1%
22
29.1%
33,6
26.2%
32,34,33,36
26.2%
21,12
25.2%
21,5,2
24.3%
32,6
23.3%
32,11
22.3%
20,2
21.4%
44,8
18.4%
5,32,2
18.4%
34,32,4
16.5%
14,1
15.5%
24,4,2
12.6%
10,11
12.6%
11,44
11.7%
4,55
10.7%
14,19
10.7%
22,13,20,21,24,2,4,8
5.8%

You're not logged in!

Compare scores with friends on all Sporcle quizzes.
Join for Free
OR
Log In

You Might Also Like...

Show Comments

Extras

Created Jul 1, 2017ReportNominate
Tags:NBA Quiz, career, jersey, legend, wore

Top Quizzes Today


Score Distribution

Your Account Isn't Verified!

In order to create a playlist on Sporcle, you need to verify the email address you used during registration. Go to your Sporcle Settings to finish the process.

Report this User

Report this user for behavior that violates our Community Guidelines.

Details: